<?xml version="1.0" encoding="UTF-8"?>
<record
    xmlns:xsi="http://www.w3.org/2001/XMLSchema-instance"
    xsi:schemaLocation="http://www.loc.gov/MARC21/slim http://www.loc.gov/standards/marcxml/schema/MARC21slim.xsd"
    xmlns="http://www.loc.gov/MARC21/slim">

  <leader>01282nam a2200253 a 4500</leader>
  <controlfield tag="001">BRCA_8804</controlfield>
  <controlfield tag="005">20190320210423.0</controlfield>
  <controlfield tag="008">210417s1770----sp-#######---#000-0#spa-#</controlfield>
  <datafield tag="041" ind1=" " ind2=" ">
    <subfield code="a">spa</subfield>
  </datafield>
  <datafield tag="044" ind1=" " ind2=" ">
    <subfield code="a">sp</subfield>
  </datafield>
  <datafield tag="084" ind1=" " ind2=" ">
    <subfield code="a">BE183</subfield>
    <subfield code="b">.B67 1770</subfield>
  </datafield>
  <datafield tag="100" ind1="1" ind2=" ">
    <subfield code="a">Bossuet, Jacobo Benigno</subfield>
    <subfield code="9">21906</subfield>
  </datafield>
  <datafield tag="245" ind1="1" ind2="0">
    <subfield code="a">El celebre catecismo de la doctrina christiana</subfield>
    <subfield code="c">dispuesto por el Ilmo. Sr. Jacobo Benigno Bossuet; traducidos de el franc&#xE9;s por Don Miguel Joseph Fern&#xE1;ndez...</subfield>
  </datafield>
  <datafield tag="260" ind1=" " ind2=" ">
    <subfield code="a">Madrid</subfield>
    <subfield code="b">Por Andr&#xE9;s Ortega</subfield>
    <subfield code="c">1770</subfield>
  </datafield>
  <datafield tag="300" ind1=" " ind2=" ">
    <subfield code="a">XXVIII, 438 p.</subfield>
    <subfield code="c">19.7 x 15 cm.</subfield>
  </datafield>
  <datafield tag="500" ind1=" " ind2=" ">
    <subfield code="a">Con las licencias necesarias</subfield>
  </datafield>
  <datafield tag="500" ind1=" " ind2=" ">
    <subfield code="a">En portada: es mui &#xFA;til, no solo para los ni&#xF1;os, si tambi&#xE9;n para los j&#xF3;venes, y los Ancianos, pues instruye &#xE0; los Maestros de fuerte, que estos pueden ense&#xF1;ar con todo acierto &#xE0; sus Discipulos</subfield>
  </datafield>
  <datafield tag="500" ind1=" " ind2=" ">
    <subfield code="a">En portada: Si nite p&#xE1;rvulos venire ad me, ne prohibueritis eos: tailumenime est Regnum Dei. Matth. XIX. Vers. 14. Mrc. X. vers. 14</subfield>
  </datafield>
  <datafield tag="500" ind1=" " ind2=" ">
    <subfield code="a">Estado f&#xED;sico: presenta encuadernaci&#xF3;n rota en papel con anotaciones, con lomo desprendido, algunas hojas manchadas y algunos cuadernillos sueltos</subfield>
  </datafield>
  <datafield tag="650" ind1="1" ind2="4">
    <subfield code="a">Iglesia cat&#xF3;lica</subfield>
    <subfield code="v">Catecismo</subfield>
    <subfield code="x">Espa&#xF1;ol</subfield>
    <subfield code="9">21942</subfield>
  </datafield>
  <datafield tag="700" ind1="1" ind2=" ">
    <subfield code="a">Fern&#xE1;ndez, Miguel Joseph</subfield>
    <subfield code="e">tr.</subfield>
    <subfield code="9">21943</subfield>
  </datafield>
  <datafield tag="902" ind1=" " ind2=" ">
    <subfield code="a">CFM</subfield>
  </datafield>
  <datafield tag="942" ind1=" " ind2=" ">
    <subfield code="2">lcc</subfield>
    <subfield code="c">B</subfield>
  </datafield>
  <datafield tag="999" ind1=" " ind2=" ">
    <subfield code="c">8455</subfield>
    <subfield code="d">8455</subfield>
  </datafield>
  <datafield tag="952" ind1=" " ind2=" ">
    <subfield code="0">0</subfield>
    <subfield code="1">0</subfield>
    <subfield code="4">0</subfield>
    <subfield code="7">0</subfield>
    <subfield code="a">BRCA</subfield>
    <subfield code="b">BRCA</subfield>
    <subfield code="d">2017-04-21</subfield>
    <subfield code="l">0</subfield>
    <subfield code="o">BE183 .B67 1770</subfield>
    <subfield code="p">CFM00129</subfield>
    <subfield code="r">2019-03-22 00:00:00</subfield>
    <subfield code="w">2019-03-22</subfield>
    <subfield code="y">B</subfield>
  </datafield>
</record>
